Macbeth / (Record no. 7837)

MARC details
000 -LEADER
fixed length control field 01022nam a22002897a 4500
001 - CONTROL NUMBER
control field 7837
003 - CONTROL NUMBER IDENTIFIER
control field FISKH
005 - DATE AND TIME OF LATEST TRANSACTION
control field 20250811151254.0
008 - FIXED-LENGTH DATA ELEMENTS--GENERAL INFORMATION
fixed length control field 250811b cb ||||| |||| 00| 0 eng d
040 ## - CATALOGING SOURCE
Original cataloging agency FISKH
Language of cataloging eng
Transcribing agency FISKH
Modifying agency FISKH
050 ## - LIBRARY OF CONGRESS CALL NUMBER
Classification number PZ7
082 ## - DEWEY DECIMAL CLASSIFICATION NUMBER
Classification number 823.92
100 ## - MAIN ENTRY--PERSONAL NAME
Personal name Mason, Conrad
245 ## - TITLE STATEMENT
Title Macbeth /
Statement of responsibility, etc. Based on the play by William Shakespare ; Retold by Conrad Mason ; Illustrated by Christa Unzner
250 ## - EDITION STATEMENT
Edition statement This edition first published in 2008
260 ## - PUBLICATION, DISTRIBUTION, ETC.
Place of publication, distribution, etc. London :
Name of publisher, distributor, etc. Usborne,
Date of publication, distribution, etc. 2008
300 ## - PHYSICAL DESCRIPTION
Extent 64 pages :
Other physical details color illustrations ;
Dimensions 20 cm
505 ## - FORMATTED CONTENTS NOTE
Formatted contents note J<br/>
520 ## - SUMMARY, ETC.
Summary, etc. Macbeth is the bravest general in Scotland, and a loyal servant of King Duncan. But then he hears that one day, he could be king himself. Mad with ambition, Macbeth sets out on a bloody path to power.<br/>
521 8# - TARGET AUDIENCE NOTE
Target audience note 480<br/>
Source Lexile<br/>
521 8# - TARGET AUDIENCE NOTE
Target audience note J<br/>
Source Raz-Plus<br/>
650 ## - SUBJECT ADDED ENTRY--TOPICAL TERM
Source of heading or term Artwork
Topical term or geographic name entry element Classics
650 ## - SUBJECT ADDED ENTRY--TOPICAL TERM
Source of heading or term Drama
Topical term or geographic name entry element Usborne
700 ## - ADDED ENTRY--PERSONAL NAME
Personal name Unzner, Christa
Dates associated with a name illustrator
942 ## - ADDED ENTRY ELEMENTS (KOHA)
Source of classification or shelving scheme Dewey Decimal Classification
Koha item type Books
Suppress in OPAC No
Holdings
Withdrawn status Lost status Source of classification or shelving scheme Damaged status Not for loan Collection Home library Current library Shelving location Date acquired Total Checkouts Full call number Barcode Date due Date last seen Date last checked out Copy number Price effective from Koha item type
    Dewey Decimal Classification     Juvenile Fiction Footprints International School Library Network Toul Tom Poung Campus Footprints International School Library Network Toul Kork Campus TTP Primary Dark Blue Bookshelves 08/11/2025 1 MAS 823.92 PZ7 2025-4062 08/25/2025 08/11/2025 08/11/2025 1 08/11/2025 Books